| 000 | 01428nam a2200253Ia 4500 | ||
|---|---|---|---|
| 999 |
_c46926 _d46926 |
||
| 001 | 13779 | ||
| 003 | GE_BSU | ||
| 005 | 20240912170822.0 | ||
| 008 | 181216s2014||||ge |||||||||||||| ||geo|| | ||
| 020 | _a9789941072505 | ||
| 040 | _cGE_BSU | ||
| 041 | _ageo | ||
| 080 | _a632.934 წ-37 | ||
| 100 |
_aბახია-ოქრუაშვილი, ს. (სალომე) _918740 |
||
| 245 |
_aაფხაზთა ჩვეულებითი სამართალი / _cსალომე ბახია-ოქრუაშვილი ; რედ. ბეჟან ხორავა. |
||
| 264 |
_aთბილისი : _bშპს "ირიდა, _c2014. |
||
| 300 |
_a170 გვ. ; _c21 სმ. |
||
| 500 | _aიგნი იბეჭდება აფხაზეთის ა/რ განათლებისა და კულტურის სამინ. არსებ. აფხაზეთის მეცნიერთა მხარდაჭერის ფონდის ხელშეწყობით | ||
| 504 | _aბიბლიოგრ. ტექსტის შენიშვნებში | ||
| 520 | _aრეზიუმე ინგლისურ ენაზე | ||
| 653 | _aაფხაზთა ჩვეულებითი სამართალი | ||
| 700 |
_aხორავა, ბეჟან _eრედაქტორი _914138 |
||
| 942 |
_cBK _2udc |
||